000
00283nam a22001217a 4500
008
180730b xxu||||| |||| 00| 0 eng d
082
_a
815.32
245
_a
The art of public speaking
_c
Lucas, S.E
300
_a
2
_f
CD
440
_x
`9780073265322
760
_b
9th
942
_2
ddc
_c
MX
999
_c
46686
_d
46686